00556nam a22001817a 450000500170000001000150001702000260003203500140005803700130007208200110008510000190009624500860011525000100020126000420021127000800025330000220033370000190035520230316161328.0 aENG-136453 c295.00a9788123791395 aEN-119985 bDBAD/PUB a618.24 aAgarwal,Yatish aPregnancy & Baby Care :cBy Yatish Agarwal and Rekha AgarwalbA Practical Guide / aFirst bNational Book Trust aNew Delhic2021 aNehru Bhawan, 5 Institutional Area, Phase 2, Vasant KunjbNew Delhie110070 ax212p.c24cm(pbk) aRekha, Agarwal